000 00425nam a2200145Ia 4500
008 151213s9999 xx 000 0 und d
100 _aLara D.. Delwicke & SU Sany Staughtg
245 _aThe Little SAS
_cLara D.. Delwicke & SU Sany Staughtg
260 _aCary N. C.
_bSAS Institute
_c1996
300 _a3129 p.
650 _aComputer
650 _aComputer
700 _aLara D.. Delwicke & SU Sany Staughtg
999 _c2154
_d2154